000 00479nam a2200181Ia 4500
001 1586
005 20260306143739.0
008 260306t2012||||xx |||||||||||||| ||spa||
041 _aESP
082 _a152.41
_bL88
100 _aLópez Quintás, Alfonso
_eAUT
245 0 _aEl descubrimiento del amor auténtico:
_bclaves para orientar la afectividad
260 _c2012
300 _axvi, 103 páginas :
_c21cm.
650 _aGEN
654 _aCPS
942 _cLIB
_dJUS
_fJUS
_2ddc
_n
999 _c1586
_d1586